Precast concrete : materials, manufacture, properties and usage /

Guardat en:
Dades bibliogràfiques
Autor principal: Levitt, M.
Format: Llibre
Idioma:English
Publicat: London : Applied Science Publishers, c1982.
Matèries:
LEADER 01066nam a2200289 a 4500
001 c000181707
003 CARM
005 20050321114326.0
008 811207s1982 enka b 001 0 eng d
015 |a B8134573 
019 1 |a 2201080  |5 LACONCORD2021 
020 |a 0853349940 :  |c £24.00 
035 |a (OCoLC)8817074  |5 LACONCORD2021 
040 |a BNB  |b eng  |c BNB 
050 0 0 |a TA683.7 
082 1 4 |a 691/.3  |2 19 
082 1 4 |a 691/.3  |2 18 
100 1 |a Levitt, M. 
245 1 0 |a Precast concrete :  |b materials, manufacture, properties and usage /  |c M. Levitt. 
260 |a London :  |b Applied Science Publishers,  |c c1982. 
300 |a ix, 233 p. :  |b ill. ;  |c 24 cm. 
500 |a Building materials: Precast concrete (BNB/PRECIS) 
504 |a Includes bibliographical references and index. 
650 0 |a Precast concrete construction. 
852 8 |b CARM  |h A2:AK37C0  |i C06419  |p 0248811  |f BK 
999 f f |i 28eed4ed-33f2-539e-8484-022d48d07b58  |s dd9eb3f6-6e99-5ea2-bb99-1f41d097a610 
952 f f |p Can circulate  |a CAVAL  |b CAVAL  |c CAVAL  |d CARM 1 Store  |e C06419  |f A2:AK37C0  |h Other scheme  |i book  |m 0248811